Pocket handbook of clinical psychiatry
Kaplan and Sadock's Pocket Handbook of Clinical Psychiatry remains a staple for medical students on psychiatric rotations, psychiatric residents, practitioners, and mental health professionals. In an easy-to-scan outline format, this popular quick-reference handbook summarizes the etiology, epi...
Đã lưu trong:
| 主要作者: | |
|---|---|
| 格式: | 图书 |
| 语言: | Undetermined |
| 出版: |
Baltimore
Williams & Wilkins, cop.
1990
|
| 主题: | |
| 标签: |
添加标签
没有标签, 成为第一个标记此记录!
|
| Thư viện lưu trữ: | Trung tâm Học liệu Trường Đại học Cần Thơ |
|---|
| LEADER | 00964nam a2200193Ia 4500 | ||
|---|---|---|---|
| 001 | CTU_219918 | ||
| 008 | 210402s9999 xx 000 0 und d | ||
| 082 | |a 616.89 | ||
| 082 | |b K17 | ||
| 100 | |a Kaplan, Harold I. | ||
| 245 | 0 | |a Pocket handbook of clinical psychiatry | |
| 245 | 0 | |c Harold I. Kaplan, Benjamin J. Sadock | |
| 260 | |a Baltimore | ||
| 260 | |b Williams & Wilkins, cop. | ||
| 260 | |c 1990 | ||
| 520 | |a Kaplan and Sadock's Pocket Handbook of Clinical Psychiatry remains a staple for medical students on psychiatric rotations, psychiatric residents, practitioners, and mental health professionals. In an easy-to-scan outline format, this popular quick-reference handbook summarizes the etiology, epidemiology, clinical characteristics, diagnosis, and treatment of all psychiatric disorders in adults and children. | ||
| 650 | |a Psychiatry,Tâm thần | ||
| 904 | |i Khánh Ngân, Giang | ||
| 980 | |a Trung tâm Học liệu Trường Đại học Cần Thơ | ||